| 000 | 00392nam a22001697a 4500 | ||
|---|---|---|---|
| 003 | NUST | ||
| 020 | _a9780470418505 | ||
| 038 | _akhadija | ||
| 082 |
_a515.35 _bBRA |
||
| 100 |
_aBrannan, James R. _982493 |
||
| 245 | _aDIFFERENTIALS EQUATIONS / | ||
| 260 |
_aNew York: _bJohn Wiley; _c2010. |
||
| 300 |
_a950p. ; _b26 cm. |
||
| 500 | _aHardcover. | ||
| 563 | _ahardcover | ||
| 942 |
_cBK _2ddc |
||
| 999 |
_c32597 _d32597 |
||